| 000 | 00671cam a22001811i 4500 | ||
|---|---|---|---|
| 082 |
_a940.47 _bMED |
||
| 100 | 1 |
_aMacPherson, William Grant, _950604 |
|
| 245 | 1 | 0 |
_aMedical services, diseases of the war / _cedited by Sir W.G. Macpherson, Sir W.P. Herringham, T.R. Elliott, and A. Balfour. |
| 260 |
_aLondon : _bH.M.S.O., _c1922-1923. |
||
| 300 |
_a2 v. : _bill. ; _c23 cm. |
||
| 526 |
_a0 _b0 _c0 _d940_470000000000000_MED |
||
| 650 | 0 |
_aMCE _9379 |
|
| 650 | 0 |
_aWorld War, 1914-1918 _xMedical and sanitary affairs. _950605 |
|
| 700 | 1 |
_aBalfour, Andrew, _950648 |
|
| 700 | 1 |
_aElliott, Thomas Renton, _950649 |
|
| 700 | 1 |
_aHerringham, Wilmot Parker, _950650 |
|
| 942 |
_2ddc _cBK |
||
| 999 |
_c553408 _d553408 |
||